Presentación: Una aproximación al estudio de las políticas exteriores centroamericanas /
Este artículo es una presentación-introducción al estudio de las políticas exteriores centroamericanas, puntualizando en las acciones llevadas a cabo por Costa Rica. En el análisis se consideran los "actores internacionales" (especialmente Estados Unidos), y se enfatiza en la necesidad de...
Guardat en:
| Autor principal: | |
|---|---|
| Altres autors: | |
| Format: | Text |
| Idioma: | Spanish |
| Matèries: | |
| Etiquetes: |
Afegir etiqueta
Sense etiquetes, Sigues el primer a etiquetar aquest registre!
|
MARC
| LEADER | 00000 a a2200000 04500 | ||
|---|---|---|---|
| 001 | 7835 | ||
| 003 | cru CRAI/IIS | ||
| 005 | 20210518161912.0 | ||
| 008 | 210518b |||||||| |||| 00| 0 spa d | ||
| 040 | |c cru CRAI/IIS | ||
| 100 | |a Eguizábal Mendoza, Cristina | ||
| 245 | |a Presentación: |b Una aproximación al estudio de las políticas exteriores centroamericanas / |c Cristina Eguizábal Mendoza | ||
| 500 | |a Colección Centroamérica | ||
| 520 | |a Este artículo es una presentación-introducción al estudio de las políticas exteriores centroamericanas, puntualizando en las acciones llevadas a cabo por Costa Rica. En el análisis se consideran los "actores internacionales" (especialmente Estados Unidos), y se enfatiza en la necesidad de estrategias externas que reduzcan los costos de la vinculación al sistema internacional, lo cual haría que surja una nueva política exterior latinoamericana. Posteriormente, se refieren a la deefensa que de sus intereses hacen los Estados Unidos y del consecuente sometimiento de los países centroamericanos a esos intereses. Por último, comentan brevemente los arículos que contiene la publicación. FH/eb | ||
| 650 | |a POLITICA EXTERIOR | ||
| 650 | |a INTERVENCION EXTRANJERA | ||
| 650 | |a POLITICA DE DEFENSA | ||
| 650 | |a AISLACIONISMO | ||
| 650 | |a IMPERIALISMO | ||
| 650 | |a INTEGRACION ECONOMICA | ||
| 650 | |a INTEGRACION POLITICA | ||
| 650 | |a POLITICA INTERNACIONAL | ||
| 650 | |a RELACIONES EXTERIORES | ||
| 650 | |a RELACIONES ECONOMICAS INTERNACIONALES | ||
| 700 | |a Araya Montezuma, Andrés | ||
| 773 | |g número 43; páginas 9-12 | ||
| 773 | 0 | |0 18875 |9 5306 |a Universidad de Costa Rica. |d San José, Costa Rica: Universidad de Costa Rica. Consejo Superior Universitario Centroamericano, 1972- |o 14345 |t Estudios Sociales Centroamericanos / |x 03039676 | |
| 942 | |2 ddc |c PP | ||
| 999 | |c 24620 |d 24620 | ||
